000
00249nam a2200097Ia 4500
008
230915s9999 xx 000 0 und d
050
_a
QK 711.2 .P543 2018
100
_a
TAIZ,LINCOLN et.al
245
0
_a
PLANT PHYSIOLOGY AND DEVELOPMENT
942
_c
BK
999
_c
192540
_d
192540